| 000 | 00517nam a22001697a 4500 | ||
|---|---|---|---|
| 008 | 150603b xxu||||| |||| 00| 0 eng d | ||
| 020 | _a9780071749060 | ||
| 041 | 0 | _aeng | |
| 080 | _a334 | ||
| 100 | _aBraham, Lewis. | ||
| 245 | 1 | 4 |
_aThe house that Bogle built : _cby Lewis Braham. |
| 260 |
_aNew York : _bMcGraw-Hill, _cc2011. |
||
| 300 |
_a 308 f _c24 cm. |
||
| 600 | _aBogle, John C. | ||
| 650 | 0 |
_aMutual funds _zUnited States. |
|
| 942 |
_2udc _cBK |
||
| 999 |
_c980 _d980 |
||